| 000 | 00677 a2200193 4500 | ||
|---|---|---|---|
| 003 | NUST | ||
| 005 | 20230130131841.0 | ||
| 010 | _a64004150 | ||
| 040 | _cNust | ||
| 082 | _a920,STR | ||
| 100 |
_aStrachey, Lytton _9108059 |
||
| 245 |
_aEminent Victorians: _bCardinal Manning, Florence Nightingale, Dr. Arnold, General Gordon / _cLytton Strachey, |
||
| 260 |
_aNew York, _bCapricorn Books _c1945 |
||
| 300 |
_a302 p.; _b19 cm |
||
| 505 | _aCardinal Manning (Page-1), Florence Nightingale (Page-115), Dr. Arnold (Page-177), The End Of General Gordon (Page-209). | ||
| 600 |
_aStrachey, Lytton, _9108059 |
||
| 650 |
_aBiographies of leaders _9108060 |
||
| 942 |
_2ddc _cBK _k920,STR |
||
| 999 |
_c187138 _d187138 |
||